O barquinho que cresceu... (Registo nº 3945)

Detalhes MARC
000 -Etiqueta do registo
Cabeçalho 00701nam0a2200241 4500
005 - Identificador da versão
Campo de controlo 20240813122049.0
010 ## - Número internacional normalizado dos livros (ISBN)
Número (ISBN) 972430731X
021 ## - Número do Depósito Legal
Código do país PT
Número 198115/03
100 ## - Dados gerais de processamento
Dados gerais de processamento 20181030d2004 c y0pory5003 ba
102 ## - Pais de publicação ou produção
País de publicação Portugal
101 0# - Língua de publicação
Língua do texto, banda sonora, etc. Português
215 ## - Descrição física 
Indicação específica da natureza do documento e extensão da espécie [30] p.
Outras indicações físicas todo il. color
200 1# - Titulo e menção de responsabilidade
Título próprio O barquinho que cresceu...
Primeira menção de responsabilidade Alexandre Honrado
Outras menções de responsabilidade il. Raffaello Bergonse
210 ## - Publicação, Distribuição, etc. 
Lugar da edição, distribuição, etc. Porto
Nome do editor, distribuidor, etc. Ambar
Data da publicação, distribuição, etc. 2004
606 ## - Nome comum usado como assunto
Número de registo de entrada de autoridade 0001335
Palavra de ordem Literatura portuguesa
Subdivisão de assunto Conto
Código do sistema CA
675 ## - Classificação Decimal Universal (CDU)
Notação 821.134.3-34
Edição 3ª ed.
Língua da edição por
702 #1 - Nome de autor-pessoa física (responsabilidade secundária)
Número de registo de entrada de autoridade 0000425
Palavra de ordem Bergonse
Outra parte do nome não tomada para palavra de ordem Raffaello
Código de função Ilustrador / Técnico de desenho computorizado
700 #1 - Nome de autor-pessoa física (responsabilidade principal)
Número de registo de entrada de autoridade 0000423
Palavra de ordem Honrado
Outra parte do nome não tomada para palavra de ordem Alexandre
Datas 1960-
966 ## - Identificação da Biblioteca
Sigla EBVEN
942 ## - Elementos de entrada adicionados (Koha)
Tipo de item no Koha Livro
Exemplares
Situação do levantamento Origin of item (home branch) (coded) Biblioteca de empréstimo Código de barras Cota Circulation type (not for loan) Tipo de documento Nota do exemplar Damaged status
  Biblioteca Escolar das Vendas Biblioteca Escolar das Vendas BEV973 8POR HON PNL   Livro Sem mensagem